02876nam a2200433 i 450000500170000000800410001702000150005804000350007304100080010808200190011610000440013524501230017925000220030226400560032430000570038033600270043733700330046433800280049765000190052565000340054465000330057865000550061170000390066694200120070599900150071795201320073295201330086495201320099795201300112995201320125995201330139195201320152495201330165695201330178995201290192295201330205195201330218495201250231720220317000653.0160601s1999 ck a gs 000 0 spa d a9589177115 aCO-BoRNBPbspacCO-BoRNBPerda0 aspa04a372.427 bR61m1 aRobledo, Beatriz Helena,d1958-eautora14aLos maestros y la biblioteca públicabpromoción de la lecturacBeatriz Helena Robledo, Antonio Orlando Rodríguez aPrimera edición 1aSantafé de Bogotá bMinisterio de Culturac1999 a20 páginasbilustraciones en blanco y negroc24 cm atextobtxt2rdacontent asin mediaciónbn2rdamedia avolumenbnc2rdacarrier14aLectura 2LEMB14aBibliotecas públicas 2LEMB14aBibliotecas y escuela 2LEMB14aPromoción de la lectura en las bibliotecas2LEMB1 aRodríguez, Antonio Orlando92977 2ddccBK c4721d4721 00102ddc40708GENaMEDORADObMEDORADOcGENd2022-12-26l0o372.427 R61mpDOR00384r2022-12-26 00:00:00tEj.1w2022-12-26yBK 00102ddc40708GENaMESMARTIbMESMARTIcGENd2023-07-25l0o372.427 R61mpSM001337r2023-07-25 20:27:42tEj.1w2023-07-25yBK 00102ddc40708GENaMESMARTIbMESMARTIcGENd2023-07-25l0o372.427 R61mpSM001338r2023-07-25 20:29:44tEj.1w2023-07-25yBK 00102ddc40708GENaMEURIBEbMEURIBEcGENd2024-07-23l0o372.427 R61mpURI00523r2024-07-23 10:59:31tEj.1w2024-07-23yBK 00102ddc40708GENaMEBAUPIAbMEBAUPIAcGENd2024-08-01l0o372.427 R61mpBUP01486r2024-08-01 14:39:23tEj.1w2024-08-01yBK 00102ddc40708GENaMEPLOPEZbMEPLOPEZcGENd2025-04-01l0o372.427 R61mpPLZ00041r2025-04-01 10:19:06tEj.1w2025-04-01yBK 00102ddc40708GENaMESGUARObMESGUAROcGENd2025-05-06l0o372.427 R61mpSG02897r2025-05-06 09:30:42tEj.1w2025-05-06yBK 00102ddc40708GENaMEPLOPEZbMEPLOPEZcGENd2025-05-30l0o372.427 R61mpPLZ02137r2025-05-30 15:46:41tEj.2w2025-05-30yBK 00102ddc40708GENaMEPLOPEZbMEPLOPEZcGENd2025-06-06l0o372.427 R61mpPLZ02214r2025-06-06 10:10:36tEj.3w2025-06-06yBK 00102ddc40708GENaMEMACAREbMEMACAREcGENd2025-07-17l0o17/07/2025pLM02645r2025-07-17 15:07:20tEj.1w2025-07-17yBK 00102ddc40708GENaMEACACIAbMEACACIAcGENd2025-07-25l0o372.427 R61mpACA02774r2025-07-25 16:06:45tEj.1w2025-07-25yBK 00102ddc40708GENaMEACACIAbMEACACIAcGENd2025-07-25l0o372.427 R61mpACA02775r2025-07-25 16:07:58tEj.2w2025-07-25yBK 00102ddc40708INFaMEMESETAbMEMESETAcSInfd2025-08-20l0oC ROBpME02292r2025-08-20 22:22:04tEj.1w2025-08-20yBK